[Event "15th Heraklion Open"]
[Site "Athens GRE"]
[Date "2012.06.14"]
[Round "6.4"]
[White "Goumas,I"]
[Black "Salcido,Enrike"]
[Result "1/2-1/2"]
[WhiteElo "2202"]
[BlackElo "1767"]

1.e4 c5 2.Nf3 d6 3.Bb5+ Bd7 4.Bxd7+ Qxd7 5.c4 Nc6 6.O-O Nf6 7.Nc3 g6 8.d4 cxd4
9.Nxd4 Bg7 10.Nde2 Rc8 11.f3 O-O 12.Be3 Nh5 13.c5 Rfd8 14.cxd6 Qxd6 15.Qxd6 Rxd6
16.g4 Rd3 17.Kf2 Nf6 18.Rad1 Ne5 19.h3 Rcd8 20.Nc1 Rxd1 21.Rxd1 Rxd1 22.Nxd1 Nfd7
23.b3 b6 24.Ke2 Nc6 25.Nd3 Nd4+ 26.Bxd4 Bxd4 27.Nb4 Nb8 28.Kd3 Bg1 29.Nc3 a5
30.Nc2 Nc6 31.f4 Kf8 32.Kc4 e6 33.Kb5 Nb8 34.Ne2 Bf2 35.Ncd4 Nd7 36.Nc6 Ke8  1/2-1/2

[Event "4th WGP Kazan 2012"]
[Site "Kazan RUS"]
[Date "2012.06.15"]
[Round "5"]
[White "Yildiz,B"]
[Black "Muzychuk,A"]
[Result "0-1"]
[WhiteElo "2333"]
[BlackElo "2598"]

1.e4 c5 2.Nf3 d6 3.Bb5+ Nc6 4.O-O Bd7 5.Re1 Nf6 6.c3 a6 7.Bf1 Bg4 8.d4 cxd4
9.cxd4 e5 10.d5 Nd4 11.Be3 Nxf3+ 12.gxf3 Bd7 13.a4 Be7 14.Na3 O-O 15.Nc4 Nh5
16.Qb3 b5 17.axb5 Bxb5 18.Na5 Bxf1 19.Nc6 Qd7 20.Nxe7+ Qxe7 21.Kxf1 f5 22.Qd3 Qh4
23.Ke2 Rab8 24.Rxa6 Rxb2+ 25.Kd1 Qh3 26.Qa3 Qxf3+ 27.Kc1 Rbb8 28.Rxd6 Qxe4
29.Kd2 Rfc8 30.Bc5 Qf4+ 31.Be3 Qf3 32.Rc1 Rxc1 33.Qxc1 Nf6 34.Qc7 Ne4+ 35.Kc1 Qh1+  0-1

[Event "5th Mayors Cup 2012"]
[Site "Mumbai IND"]
[Date "2012.06.15"]
[Round "11.21"]
[White "Vishnu,P"]
[Black "Bartakke,A"]
[Result "1/2-1/2"]
[WhiteElo "2431"]
[BlackElo "2187"]

1.e4 c5 2.Nf3 d6 3.Bb5+ Bd7 4.Bxd7+ Qxd7 5.O-O Nc6 6.Qe2 e6 7.Rd1 Nf6 8.d4 cxd4
9.Nxd4 a6 10.c4 Nxd4 11.Rxd4 Qc6 12.Nc3 Be7 13.b3 b5 14.Bb2 b4 15.Na4 e5
16.Rd3 Qxe4 17.Re3 Qb7 18.c5 O-O 19.Nb6 Rae8 20.cxd6 Qxb6 21.dxe7 Rxe7 22.Rxe5 Rxe5
23.Qxe5 Re8 24.Qg3 h6 25.Rc1 Nh5 26.Qf3 Qe6 27.g3 Qe2 28.Qc6 Re6 29.Qc8+ Re8
30.Qd7 Nf4 31.Rf1 Qe4 32.gxf4 Re6 33.Rd1 Qe2 34.f5 Qg4+ 35.Kh1 Qf3+ 36.Kg1 Re4
37.Qd8+ Kh7 38.f6 g6 39.Qd6 Qg4+ 40.Kh1 Qf3+ 41.Kg1 Qh3 42.Qd5 Qg4+ 43.Kf1 Qe2+
44.Kg2 Qg4+ 45.Kf1 Qh3+ 46.Kg1 Qg4+ 47.Kf1 Qe2+ 48.Kg2 Qg4+ 49.Kf1  1/2-1/2

[Event "16th Voronezh Master Open"]
[Site "Voronezh RUS"]
[Date "2012.06.15"]
[Round "4.35"]
[White "Chernyuk,Mikhail"]
[Black "Tihonov,J"]
[Result "0-1"]
[WhiteElo "2254"]
[BlackElo "2446"]

1.e4 c5 2.Nf3 d6 3.Bb5+ Nd7 4.c3 Nf6 5.Qe2 a6 6.Ba4 e6 7.O-O Be7 8.d4 O-O
9.Bg5 h6 10.Bh4 b5 11.Bc2 e5 12.Nbd2 Qc7 13.Rfc1 Bb7 14.Nf1 Rfe8 15.d5 Nf8
16.Ne3 Ng6 17.Bxf6 Bxf6 18.g3 Bc8 19.a4 Bd7 20.c4 b4 21.b3 Ne7 22.h4 h5 23.Nh2 g6
24.Qf3 Bg7 25.g4 hxg4 26.Nhxg4 f5 27.exf5 gxf5 28.Nxf5 Nxf5 29.Bxf5 Rf8 30.Ne3 Bxf5
31.Nxf5 Qd7  0-1

[Event "16th Voronezh Master Open"]
[Site "Voronezh RUS"]
[Date "2012.06.16"]
[Round "5.15"]
[White "Shaposhnikov,E"]
[Black "Sharafiev,A"]
[Result "1/2-1/2"]
[WhiteElo "2551"]
[BlackElo "2410"]

1.e4 c5 2.Nf3 d6 3.Bb5+ Bd7 4.Bxd7+ Qxd7 5.O-O g6 6.c3 Bg7 7.d4 cxd4 8.cxd4 Nf6
9.Nc3 O-O 10.Re1 e6 11.Bf4 Nc6 12.Qd2 d5 13.e5 Nh5 14.Bh6 f6 15.exf6 Rxf6
16.Bxg7 Nxg7 17.Ne5 Nxe5 18.Rxe5 Qd6 19.Rae1 Rc8 20.Ne2 Qb6 21.Re3 Rc4 22.b3 Rc6
23.Rc1 Rxc1+ 24.Qxc1 Nf5 25.Rc3 Rf8 26.Rc8 Rxc8 27.Qxc8+ Kf7 28.Qc3 Qa6 29.Qd2 Qb6
30.g4 Nd6 31.Qf4+ Kg8 32.Qf6 Ne4 33.Qe7 Qa6 34.Nf4 Qxa2 35.Qd8+ Kf7 36.Qd7+ Kg8
37.Qd8+ Kf7 38.Qd7+ Kg8 39.Qe8+ Kg7 40.Qe7+ Kg8 41.Qe8+ Kg7 42.Qe7+  1/2-1/2

[Event "65th ch-RUS HL"]
[Site "Tyumen RUS"]
[Date "2012.06.17"]
[Round "2"]
[White "Stukopin,A"]
[Black "Nepomniachtchi,I"]
[Result "0-1"]
[WhiteElo "2502"]
[BlackElo "2716"]

1.e4 c5 2.Nf3 d6 3.Bb5+ Bd7 4.Bxd7+ Nxd7 5.O-O Ngf6 6.Re1 e6 7.c3 c4 8.Qa4 Rc8
9.Na3 Qc7 10.b3 cxb3 11.axb3 a6 12.c4 Be7 13.b4 O-O 14.Bb2 Ng4 15.Rac1 Nge5
16.Nxe5 dxe5 17.c5 Nb8 18.d4 exd4 19.Bxd4 b5 20.Qb3 Nc6 21.Bc3 Rfd8 22.Qb2 Bf8
23.Nc2 Qd7 24.Qa1 Qb7 25.Re3 f6 26.Rg3 Kf7 27.Rf3 Be7 28.Ne3 Rd3 29.Qa2 Rxc3
30.Rxc3 Nxb4 31.Qb1 Nc6 32.Rh3 Nd4 33.Kf1 h6 34.Nc2 Nxc2 35.Qxc2 b4 36.Rc4 Qb5
37.Rd3 a5 38.e5 a4 39.exf6 b3 40.Qc3 b2  0-1

[Event "4th WGP Kazan 2012"]
[Site "Kazan RUS"]
[Date "2012.06.18"]
[Round "8"]
[White "Yildiz,B"]
[Black "Kosintseva,N"]
[Result "1/2-1/2"]
[WhiteElo "2333"]
[BlackElo "2528"]

1.e4 c5 2.Nf3 d6 3.Bb5+ Nc6 4.O-O Bd7 5.Re1 Nf6 6.c3 a6 7.Bf1 Bg4 8.d4 Bxf3
9.gxf3 g6 10.Be3 cxd4 11.cxd4 Bg7 12.d5 Ne5 13.f4 Ned7 14.Nc3 O-O 15.Bh3 b5
16.Bd4 Nh5 17.Bxg7 Kxg7 18.Qf3 e5 19.Bxd7 Qxd7 20.fxe5 dxe5 21.Ne2 Rac8 22.Rac1 Nf6
23.Rxc8 Rxc8 24.Rc1 Rxc1+ 25.Nxc1 Qc7 26.Nd3 Qc4 27.Nxe5 Qxa2 28.Nd3 Qc4
29.d6 Qc6 30.Qe3 Qc4 31.Ne5 Qb4 32.Nd3 Qc4 33.e5 Nd7 34.b4 Qg4+ 35.Kf1 Qc4
36.h3 Qd5 37.Kg1 h5 38.f4 Kh7 39.Kh2 Qb3 40.Kg3 Nf8 41.Qf3 Qb1 42.Kf2 Qa2+
43.Ke3 Ne6 44.f5 gxf5 45.Qxh5+ Kg8 46.Qxf5 a5 47.Qg4+ Kf8 48.bxa5 Qxa5 49.h4 Qa7+
50.Kf3 Qa3 51.Ke3 Qa7+ 52.Kf3 Qa3 53.Ke3 Qa7+ 54.Kf3 Qa3 55.Ke4  1/2-1/2

[Event "65th ch-RUS HL"]
[Site "Tyumen RUS"]
[Date "2012.06.19"]
[Round "4.11"]
[White "Mokshanov,A"]
[Black "Vitiugov,N"]
[Result "0-1"]
[WhiteElo "2429"]
[BlackElo "2703"]

1.e4 c5 2.Nf3 d6 3.Bb5+ Nc6 4.Bxc6+ bxc6 5.O-O Bg4 6.h3 Bh5 7.c3 Nf6 8.Re1 e6
9.d4 cxd4 10.cxd4 Be7 11.Nbd2 O-O 12.e5 dxe5 13.dxe5 Nd5 14.Nb3 a5 15.Be3 a4
16.Nbd2 Bb4 17.g4 Bg6 18.a3 Ba5 19.Qc1 Qb8 20.Rd1 Nxe3 21.fxe3 Rd8 22.Nc4 Bc7
23.Qc3 Rd5 24.Rac1 Qd8 25.Rxd5 Qxd5 26.Ncd2 Bb6 27.Kf2 Rc8 28.Qc4 Qa5 29.Qc3 Qa7
30.Nc4 Rb8 31.Nxb6 Qxb6 32.Kg3 h6 33.Nd4 Qxb2 34.Qxb2 Rxb2 35.Rxc6 Be4 36.Rc8+ Kh7
37.h4 Ra2 38.Rc3 Bd5 39.Nb5 Rg2+ 40.Kh3 Rb2 41.Nd4 Kg6 42.Kg3 h5 43.Rc2 Rb1
44.Ne2 hxg4 45.Kxg4 Bb3 46.Nf4+ Kh7 47.Rc7 Ra1 48.Rxf7 Rxa3 49.h5 Ra1 50.Rf8 Rg1+
51.Kh4 Rh1+ 52.Kg5 Bd1 53.Ra8 Rg1+ 54.Kh4 Rg4+ 55.Kh3 Rg5 56.Ra5 Kh6 57.Kh4 Rg4+
58.Kh3 Rg5 59.Kh4 Bxh5 60.Ra8 Bg6 61.Rh8+ Bh7 62.Nxe6 Rxe5 63.Nf8 g5+ 64.Kg4 Re4+
65.Kf3 g4+ 66.Kg3 Kg7 67.Rxh7+ Kxf8 68.Kf2 Ke8 69.Ke2 Kd8 70.Rg7 Rb4 71.Ra7 Kc8
72.Kd3 Kb8 73.Ra5 g3 74.Ke2 g2 75.Kf2 Rg4 76.Kg1 Kb7 77.e4 Rxe4 78.Kxg2 Kb6
79.Ra8 Kb5 80.Kf3 Re6  0-1

[Event "16th Voronezh Master Open"]
[Site "Voronezh RUS"]
[Date "2012.06.19"]
[Round "7.28"]
[White "Sergienko,S"]
[Black "Cherepanov,V"]
[Result "1/2-1/2"]
[WhiteElo "2402"]
[BlackElo "2285"]

1.e4 c5 2.Nf3 d6 3.Bb5+ Bd7 4.Bxd7+ Qxd7 5.c4 Nc6 6.O-O Nf6 7.Nc3 g6 8.d4 cxd4
9.Nxd4 Bg7 10.Nde2 O-O 11.f3 Rfc8 12.Bg5 Qd8 13.b3 a6 14.a4 Kf8 15.Kh1 Nb4
16.Qd2 Nd7 17.Rad1 Nc5 18.Nc1 Rab8 19.Rfe1 Ne6 20.Be3 b5 21.axb5 axb5 22.Nxb5 Rxb5
23.cxb5 Bc3 24.Qf2 Bxe1 25.Qxe1 Nc2 26.Bh6+ Kg8 27.Qf2 Qa5 28.f4 Qxb5 29.f5 Ned4
30.h3 Qe5 31.Qh4 Nb4 32.Bg5 f6 33.Bd2 g5 34.Qg4 Ndc6 35.h4 h6 36.Be1 Qb5
37.Bg3 Ne5 38.Qh5 Nf7 39.Ne2 Nc2 40.Qf3 Ne5 41.Bxe5 Qxe5 42.Rc1 Rc5 43.hxg5 hxg5
44.b4 Nd4 45.Rxc5 dxc5 46.Nxd4 Qxd4 47.bxc5 Qxc5  1/2-1/2

[Event "62nd ch-RUS HL w"]
[Site "Tyumen RUS"]
[Date "2012.06.20"]
[Round "5"]
[White "Manina,K"]
[Black "Korchagina,V"]
[Result "1-0"]
[WhiteElo "1987"]
[BlackElo "2098"]

1.e4 c5 2.Nf3 d6 3.Bb5+ Nc6 4.Bxc6+ bxc6 5.e5 dxe5 6.Nxe5 Qd5 7.Nf3 Bg4 8.d3 Bxf3
9.Qxf3 Qxf3 10.gxf3 Rb8 11.b3 e6 12.Be3 Nf6 13.Nd2 Nd5 14.Ne4 f5 15.Ng5 Rb7
16.O-O-O c4 17.dxc4 Ba3+ 18.Kd2 Bb4+ 19.Kc1 Nc3 20.Rd3 e5 21.Kb2 h6 22.Ne6 Ke7
23.Nc5 Rb6 24.a3 Ba5 25.b4 Ne2 26.Nb3  1-0

[Event "16th Voronezh Master Open"]
[Site "Voronezh RUS"]
[Date "2012.06.20"]
[Round "8.39"]
[White "Koba,I"]
[Black "Samojlov,A"]
[Result "0-1"]
[WhiteElo "2203"]
[BlackElo "2290"]

1.e4 c5 2.Nf3 d6 3.Bb5+ Bd7 4.Bxd7+ Qxd7 5.O-O Nf6 6.Re1 Nc6 7.c3 e6 8.d4 cxd4
9.cxd4 d5 10.e5 Ne4 11.Nbd2 Nxd2 12.Bxd2 Be7 13.Bc3 Rc8 14.Qd2 O-O 15.Rac1 Qd8
16.Rc2 b5 17.b3 Ba3 18.Bb2 Bxb2 19.Rxb2 Qa5 20.Qxa5 Nxa5 21.Kf1 Rc7 22.Ke2 Rfc8
23.Rd1 Nc6 24.Rdd2 f6 25.exf6 gxf6 26.Ne1 a5 27.Nc2 b4 28.Ne3 Na7 29.Rbc2 Nb5
30.Rxc7 Rxc7 31.f4 Rc1 32.f5 Kf7 33.Kd3 Nc3 34.fxe6+ Kxe6 35.g4 Ra1 36.a4 Ra3
37.Kc2 Nxa4 38.Nf5 Nc3 39.h4 Ra1 40.Rg2 Ra2+  0-1

[Event "Teplice Open 2012"]
[Site "Teplice CZE"]
[Date "2012.06.21"]
[Round "6.8"]
[White "Olsarova,K"]
[Black "Womacka,M"]
[Result "1/2-1/2"]
[WhiteElo "2247"]
[BlackElo "2427"]

1.e4 c5 2.Nf3 d6 3.Bb5+ Nd7 4.O-O a6 5.Bxd7+ Bxd7 6.d4 cxd4 7.Qxd4 e5 8.Qd3 h6
9.c4 b5 10.Nfd2 Nf6 11.Nc3 b4 12.Nd5 Nxd5 13.Qxd5 Be7 14.Re1 O-O 15.Nf1 Be6
16.Qd3 Qa5 17.Ne3 Bg5 18.b3 Rfd8 19.Rd1 Bxe3 20.Bxe3 Qc7 21.a3 bxa3 22.Rxa3 Qc6
23.Ra5 Rd7 24.f3 Rdd8 25.Rda1 Bc8 26.Rxe5 dxe5 27.Qxd8+ Kh7 28.Qd5 Qxd5 29.exd5 Rb8
30.Ra3 g5 31.Bc5 f6 32.Bd6 Rb6 33.Bc7 Rb7 34.Ba5 Rd7 35.Ra4 Rb7 36.Ra3 Rd7
37.Ra1 Kg6 38.Re1 h5 39.Kf2 Kf5 40.Ke3 Bb7 41.Rd1 g4 42.Rd2 Ba8 43.Rf2 gxf3
44.Rxf3+ Kg6 45.Ke4 Bb7 46.Rg3+ Kf7 47.Rd3 Kg6 48.c5 Rxd5 49.Rxd5 Kf7 50.g3 Ke6
51.Ke3 Bxd5  1/2-1/2

[Event "65th ch-RUS HL"]
[Site "Tyumen RUS"]
[Date "2012.06.21"]
[Round "6"]
[White "Mokshanov,A"]
[Black "Yuffa,D"]
[Result "1-0"]
[WhiteElo "2429"]
[BlackElo "2345"]

1.e4 c5 2.Nf3 d6 3.Bb5+ Bd7 4.Bxd7+ Qxd7 5.O-O Nf6 6.Re1 Nc6 7.c3 e6 8.d4 cxd4
9.cxd4 d5 10.e5 Ne4 11.Nbd2 Nxd2 12.Bxd2 Be7 13.Rc1 O-O 14.a3 a5 15.Rc3 Rfc8
16.Rd3 h6 17.h4 Bf8 18.h5 Ne7 19.g4 Qc6 20.Nh4 Qc2 21.Qxc2 Rxc2 22.Bc3 Nc8
23.Ng2 Na7 24.Ne3 Rxc3 25.Rxc3 Nb5 26.Rd3 a4 27.Rc1 Be7 28.Nd1 Bd8 29.Nc3 Nc7
30.f4 Kf8 31.Kf2 Ke8 32.Ke3 f6 33.exf6 gxf6 34.Kf3 Ra5 35.Re1 Kd7 36.f5 exf5
37.gxf5 Ne8 38.Rg1 Nd6 39.Rg7+ Kc6 40.Kg4 Nc4 41.Rh7 Nxb2 42.Re3 Bc7 43.Re6+ Bd6
44.Rxh6 Nc4 45.Rhxf6  1-0

[Event "65th ch-RUS HL"]
[Site "Tyumen RUS"]
[Date "2012.06.21"]
[Round "6"]
[White "Panarin,M"]
[Black "Sjugirov,S"]
[Result "1/2-1/2"]
[WhiteElo "2538"]
[BlackElo "2625"]

1.e4 c5 2.Nf3 d6 3.Bb5+ Nd7 4.d4 cxd4 5.Qxd4 a6 6.Bxd7+ Bxd7 7.Nc3 e5 8.Qd3 h6
9.Nd5 Nf6 10.Nxf6+ Qxf6 11.O-O Be7 12.b3 O-O 13.Ba3 Bc6 14.Rfe1 Rad8 15.Qe2 Rde8
16.c4 Qe6 17.Nd2 Qg6 18.Rad1 f5 19.f3 fxe4 20.Nxe4 Rf4 21.Qd3 d5 22.cxd5 Bb5
23.Qc3 Bxa3 24.b4 Ref8 25.Kh1 Rh4 26.Qxa3 Qh5 27.Kg1 Rxh2 28.Ng3 Qh4 29.Kf2 Rf5
30.Re4 Qh3 31.Rg1 Rg5 32.Rg4 Rxg4 33.fxg4 Qxg4 34.Qe3 Qxb4 35.Qxe5 Qc5+ 36.Kf3 Qxg1
37.Qe6+ Kf8 38.Qd6+ Ke8 39.Qb8+ Kf7 40.Qc7+ Kf8 41.Qd6+ Ke8 42.Qb8+ Kf7 43.Qc7+ Kg6
44.Qc2+ Kf6 45.Qc3+ Ke7 46.Qc7+ Bd7 47.Nf5+ Kf6 48.Qd6+ Kxf5 49.Qxd7+ Kg6
50.Qe6+ Kh7 51.Qe4+  1/2-1/2

[Event "Baltija WGM Cup 2012"]
[Site "Palanga LTU"]
[Date "2012.06.22"]
[Round "9.3"]
[White "Styazhkina,A"]
[Black "Rogule,L"]
[Result "1/2-1/2"]
[WhiteElo "2107"]
[BlackElo "2317"]

1.e4 c5 2.Nf3 d6 3.Bb5+ Bd7 4.Bxd7+ Qxd7 5.c4 Nc6 6.Nc3 g6 7.d4 cxd4 8.Nxd4 Bg7
9.Be3 Rc8 10.b3 Nf6  1/2-1/2

[Event "Teplice Open 2012"]
[Site "Teplice CZE"]
[Date "2012.06.22"]
[Round "7.40"]
[White "Knudsen,JesW"]
[Black "Rubes,J"]
[Result "0-1"]
[WhiteElo "1890"]
[BlackElo "2109"]

1.e4 c5 2.Nf3 d6 3.Bb5+ Nc6 4.Bxc6+ bxc6 5.O-O e5 6.c3 Bg4 7.Qa4 Qd7 8.Ne1 Be2
9.d4 Bxf1 10.Kxf1 cxd4 11.cxd4 exd4 12.Qxd4 Nf6 13.Nc3 Be7 14.Be3 O-O 15.Rd1 Rfd8
16.f3 Qb7 17.Na4 Qa6+ 18.Kg1 c5  0-1

[Event "HSG Open A 2012"]
[Site "Hilversum NED"]
[Date "2012.06.23"]
[Round "3.2"]
[White "Guliyev,N"]
[Black "Van Kampen,R"]
[Result "1-0"]
[WhiteElo "2522"]
[BlackElo "2563"]

1.e4 c5 2.Nf3 d6 3.Bb5+ Bd7 4.Bxd7+ Qxd7 5.c4 Nf6 6.Nc3 g6 7.d4 cxd4 8.Nxd4 Bg7
9.f3 O-O 10.Be3 Nc6 11.O-O a6 12.a4 e6 13.Nde2 Rfe8 14.Bg5 h6 15.Bh4 Qc7
16.Kh1 Nd7 17.Rb1 Nc5 18.f4 Rac8 19.b3 f5 20.exf5 gxf5 21.Rf3 Kh7 22.b4 Nd7
23.Rd3 Ncb8 24.Rxd6 Qxc4 25.Rxd7 Nxd7 26.Qxd7 Qc6 27.Qxc6 Rxc6 28.Be1 Rec8
29.Rb3 Rc4 30.Kg1 Rd8 31.Rb1 Rd3 32.Nd1 Rc2 33.Kf1 Kg6 34.a5 Kf7 35.Nf2 Re3
36.Ng1 Bd4 37.Nfh3 Bc3 38.Nf3 Bf6 39.Nf2 Ke8 40.Rd1 Rb2 41.Nd3 Ra2 42.Nc5 Ra1
43.Rxa1 Bxa1 44.Bd2 Ra3 45.Nxb7  1-0

[Event "HSG Open A 2012"]
[Site "Hilversum NED"]
[Date "2012.06.23"]
[Round "3.6"]
[White "Beerdsen,Thomas"]
[Black "Zwirs,Nico"]
[Result "1-0"]
[WhiteElo "2066"]
[BlackElo "2183"]

1.e4 c5 2.Nf3 d6 3.Bb5+ Nc6 4.O-O Bd7 5.Re1 a6 6.Bf1 Bg4 7.c3 Nf6 8.h3 Bxf3
9.Qxf3 g6 10.d3 Bg7 11.Na3 O-O 12.Nc2 Nd7 13.Be3 e5 14.g4 Kh8 15.Bg2 Rb8
16.Bd2 Qe8 17.Ne3 Bh6 18.h4 f6 19.Re2 Bxe3 20.Bxe3 Rf7 21.Bh3 Nf8 22.Qg3 Ne6
23.g5 fxg5 24.Bxe6 Qxe6 25.hxg5 Rbf8 26.Kh2 Rf3 27.Qg2 b5 28.a3 a5 29.Rd2 a4
30.Rg1 Kg8 31.Qg4 Qxg4 32.Rxg4 Na5 33.Rg1 Kf7 34.Rgd1 Ke6 35.Rc2 Rc8 36.Kg2 Rf7
37.Rh1 Nb3 38.Rh3 d5 39.exd5+ Kxd5 40.c4+ Kc6 41.cxb5+ Kxb5 42.Rh4 Rd8 43.Re4 Rf5
44.Rc3 Rd7 45.Rec4 Rd5 46.Rh4 Rf7 47.Rcc4 Nd4 48.Re4 Nf5 49.Rc3 Nd6 50.Rg4 Nf5
51.Re4 Nd6 52.Rg4 Rc7 53.Rgc4 Nf5 54.Bd2 Nd6 55.b4 Rxd3 56.Rxc5+ Rxc5 57.Rxd3 Rc6
58.Rd5+ Kb6 59.Be3+ Kb7 60.b5 Rc3 61.Rxd6 Rxa3 62.Rd7+ Kb8 63.b6 Rb3 64.Bc5 a3
65.Ra7 Rb5 66.Bxa3 Rxb6 67.Rxh7 Kc8 68.Be7 e4 69.Bf6 Ra6 70.Rg7 Ra2 71.Kg1 Rc2
72.Rxg6 Rc1+ 73.Kg2 Rc2 74.Bd4 Rc4 75.Rd6 Kc7 76.Be5 Kb7 77.g6 Rc2 78.g7 e3
79.g8=Q Rxf2+ 80.Kg1 e2 81.Qd5+ Kc7 82.Qc6+ Kb8 83.Rd8+ Ka7 84.Ra8+  1-0

[Event "TCh-POR Div 1 Final"]
[Site "Matosinhos POR"]
[Date "2012.06.24"]
[Round "4.2.3"]
[White "Fernando,D"]
[Black "Padeiro,J"]
[Result "1/2-1/2"]
[WhiteElo "2469"]
[BlackElo "2354"]

1.e4 c5 2.Nf3 d6 3.Bb5+ Bd7 4.Bxd7+ Qxd7 5.O-O Nc6 6.c3 Nf6 7.d4 Nxe4 8.d5 Ne5
9.Re1 Nxf3+ 10.Qxf3 Nf6 11.c4 e5 12.dxe6 fxe6 13.Nc3 Be7 14.Qh3 Kf7 15.Bg5 h6
16.Bxf6 Bxf6 17.Rad1 Bxc3 18.bxc3 Rhd8 19.Rd3 e5 20.Qxd7+ Rxd7 21.Rxe5 Re7
22.Rf5+ Kg6 23.g4 Rd8 24.h4 Re4 25.f4 h5 26.Rxh5 Rxf4 27.Rg5+ Kh7 28.Re3 Rd7
29.Kg2 Rdf7 30.Rh5+ Kg8 31.Re8+ Rf8 32.Rxf8+ Rxf8 33.Kg3 Rf1 34.Rd5 Rc1 35.Rxd6 Rxc3+
36.Kf4 Rxc4+ 37.Kf5 Kh7 38.Rd7 Rc2 39.Rxb7 Rxa2 40.Rc7 Rf2+ 41.Kg5 Rf6 42.Rxc5 a6
43.h5 Rb6 44.Rc8 Rb5+ 45.Kh4 a5 46.Ra8 Rc5 47.Ra6 Rb5 48.Kg3 Rb3+ 49.Kf4 Rb4+
50.Kg5 Rb5+ 51.Kh4 Rc5 52.Rg6 Rb5 53.Kg3 Rb3+ 54.Kf4 Rb4+ 55.Ke3 a4 56.Kf3 Rb3+
57.Kf4 Rb4+ 58.Kg3 Rb3+ 59.Kh4 Rb4 60.Ra6 Rc4 61.Ra5 Kh6 62.Kg3 Rb4 63.Kf3 Rc4
64.Rb5 Rd4 65.Rb6+ Kh7 66.g5 Rc4 67.Rb7 Rc5 68.Kf4 Rc4+ 69.Ke5 Rc5+ 70.Kf4 Rc4+
71.Ke3 Rc5 72.Kf4 Rc4+  1/2-1/2

[Event "TCh-POR Div 1 Final"]
[Site "Matosinhos POR"]
[Date "2012.06.24"]
[Round "4.1.3"]
[White "Ulyanovskyy,Vi"]
[Black "Butkiewicz,L"]
[Result "0-1"]
[WhiteElo "2290"]
[BlackElo "2402"]

1.e4 c5 2.Nf3 d6 3.Bb5+ Nd7 4.O-O a6 5.Bxd7+ Bxd7 6.d4 cxd4 7.Nxd4 g6 8.f4 Bg7
9.c3 Qb6 10.Be3 Qc7 11.Qf3 Nf6 12.h3 O-O 13.Nd2 e5 14.Nc2 Bc6 15.Nb4 exf4
16.Qxf4 Rae8 17.Bd4 Nxe4 18.Bxg7 Kxg7 19.Nxc6 Qxc6 20.Nxe4 Rxe4 21.Qf6+ Kg8
22.Rf2 Re6 23.Qd4 f5 24.Rd1 Rfe8 25.Qd5 Qxd5 26.Rxd5 Re1+ 27.Kh2 R1e2 28.Rxe2 Rxe2
29.Rxd6 Rxb2 30.a4 a5 31.Rd5 b6 32.Rd6 Kg7 33.Rc6 f4 34.Kg1 Kh6 35.Rc7 g5
36.Kf1 Kg6 37.Rc6+ Kf5 38.Rc7 Rb3 39.Ke2 Ke4 40.Re7+ Kd5 41.Rxh7 Rxc3 42.Rh5 Rg3
43.Kf2 Ke4 44.h4 gxh4 45.Rxh4 Rb3 46.Rh3 Rb2+ 47.Kf1 Rb4 48.Ra3 Rb1+ 49.Kf2 Rb2+
50.Kf1 Kd5 51.Rd3+ Kc5 52.Rf3 Rb4 53.Ra3 b5 54.axb5 Kxb5 55.Ke2 a4 56.Rf3 Rd4
57.g3 fxg3 58.Rxg3 Kb4 59.Rg8 a3 60.Rb8+ Kc3 61.Ra8 Kb3 62.Ke3 Ra4 63.Rb8+ Rb4
64.Ra8 a2 65.Kd3 Kb2 66.Kd2 a1=Q  0-1

[Event "65th ch-RUS HL"]
[Site "Tyumen RUS"]
[Date "2012.06.24"]
[Round "8"]
[White "Mokshanov,A"]
[Black "Inarkiev,E"]
[Result "1/2-1/2"]
[WhiteElo "2429"]
[BlackElo "2707"]

1.e4 c5 2.Nf3 d6 3.Bb5+ Nc6 4.O-O Bd7 5.c3 a6 6.Ba4 c4 7.Bc2 g6 8.b3 b5 9.Qe2 Na5
10.b4 Nc6 11.a4 Bg7 12.Ra2 Nf6 13.axb5 axb5 14.Rxa8 Qxa8 15.d3 O-O 16.Na3 d5
17.e5 cxd3 18.Bxd3 Ne4 19.Nxb5 Nxe5 20.Nc7 Nxc3 21.Qxe5 Qa7 22.Qxe7 Qxc7
23.Re1 Ne4 24.Bb5 Rd8 25.Bg5 Rb8 26.Qxd7 Qb6 27.Qxd5 Nc3 28.Qxf7+ Kxf7 29.Bc4+ Kf8
30.Be7+ Ke8 31.Bc5+ Kd7 32.Bxb6 Rxb6 33.b5 Nxb5 34.Rb1 Kc6 35.Ng5 h6 36.Ne6 Be5
37.f4 Bf6 38.Rxb5 Rxb5 39.Bxb5+ Kxb5 40.Kf2 Kc6 41.Kf3 Be7 42.Ke4 Kd6 43.f5 Bf6
44.Nf4 g5 45.Nd5 Bb2 46.Ne3 Bg7 47.Ng4 Bf8 48.h3 Ke7 49.Ke5 h5 50.f6+ Kf7
51.Nf2 Kg6 52.g4 hxg4 53.hxg4 Bb4 54.Ke6 Bc3 55.Ne4 Bb4 56.Ng3 Bc3 57.Nh5 Bb4
58.Ng7 Bc3 59.Ne8 Bb2 60.f7 Ba3 61.Nf6 Kg7 62.Nd7 Bb4 63.Ne5 Ba3 64.Kd7 Kf8
65.Nc4 Bb4 66.Ke6 Kg7 67.Ne5 Ba3 68.Kf5 Bd6 69.Ke6 Ba3 70.Kf5 Bd6 71.Ke6 Ba3  1/2-1/2

[Event "62nd ch-RUS HL w"]
[Site "Tyumen RUS"]
[Date "2012.06.24"]
[Round "8"]
[White "Manina,K"]
[Black "Sazonova,A"]
[Result "0-1"]
[WhiteElo "1987"]
[BlackElo "1963"]

1.e4 c5 2.Nf3 d6 3.Bb5+ Bd7 4.Bxd7+ Qxd7 5.O-O Nf6 6.Re1 Nc6 7.c4 Nd4 8.d3 g6
9.Be3 Nxf3+ 10.Qxf3 Ng4 11.Bg5 Bg7 12.Nc3 h6 13.Bh4 Ne5 14.Qd1 e6 15.Rb1 O-O
16.Bg3 a6 17.Ne2 Nc6 18.f4 b5 19.Bf2 Rfc8 20.b3 Kh7 21.d4 cxd4 22.Nxd4 bxc4
23.bxc4 Nxd4 24.Bxd4 Rxc4 25.Bxg7 Kxg7 26.Rb6 Qa4 27.Qxa4 Rxa4 28.Re2 Rd8
29.Rd2 d5 30.g3 Kf8 31.Kf2 Ke8 32.exd5 Rxd5 33.Rb8+ Ke7 34.Rc2 Rb5 35.Rxb5 axb5
36.Rb2 b4 37.Ke3 Kd6 38.Rc2 Kd5 39.Kd3 f6 40.Rb2 e5 41.fxe5 fxe5 42.Rc2 e4+
43.Ke3 Ra3+ 44.Ke2 Kd4 45.Rd2+ Kc4 46.Rc2+ Kb5 47.Kf2 Ka4 48.h4 Rd3 49.Rc6 Ka3
50.Rxg6 Kxa2 51.Rxh6 Ra3 52.Re6 b3 53.Rxe4 b2 54.Re2 Ka1 55.Re1+ b1=Q 56.Rxb1+ Kxb1
57.h5 Kc2 58.g4 Kd3 59.Kf3 Kd4+ 60.Kf4 Kd5 61.Kf5 Rf3+ 62.Kg6 Ke6 63.h6 Rf6+
64.Kg7 Rf7+ 65.Kg8 Kf6 66.h7 Rg7+ 67.Kh8 Kg6  0-1

[Event "TCh-POR Div 1 Final"]
[Site "Matosinhos POR"]
[Date "2012.06.25"]
[Round "5.4.4"]
[White "Cruz,Jor"]
[Black "Rubio Mejia,L"]
[Result "0-1"]
[WhiteElo "2082"]
[BlackElo "2428"]

1.e4 c5 2.Nf3 d6 3.Bb5+ Nd7 4.O-O Nf6 5.Re1 a6 6.Bxd7+ Nxd7 7.d4 e6 8.c4 Be7
9.Nc3 cxd4 10.Nxd4 O-O 11.Be3 Qc7 12.Rc1 b6 13.f3 Bb7 14.Re2 Rac8 15.b3 Rfe8
16.Rec2 Qb8 17.Nde2 Ba8 18.a4 Bd8 19.Rd2 Bc7 20.Bf4 Ne5 21.Nd4 d5 22.Bxe5 Bxe5
23.g3 dxc4 24.f4 Bf6 25.b4 e5 26.Nf5 exf4 27.Nd6 fxg3 28.Nxe8 Rxe8 29.Nd5 Bxd5
30.Rxd5 Qf4 31.hxg3 Qxg3+ 32.Kh1 Qh3+ 33.Kg1 Qe3+ 34.Kf1 Qxe4 35.Rc2 Qh1+
36.Kf2 Bh4+  0-1

[Event "TCh-CHN 2012"]
[Site "Taizhou CHN"]
[Date "2012.06.27"]
[Round "5"]
[White "Yu Ruiyuan"]
[Black "Zhao Jun"]
[Result "0-1"]
[WhiteElo "2511"]
[BlackElo "2583"]

1.e4 c5 2.Nf3 d6 3.Bb5+ Bd7 4.Bxd7+ Nxd7 5.c4 Ngf6 6.Nc3 g6 7.d4 cxd4 8.Nxd4 Bg7
9.O-O O-O 10.b3 e6 11.Ba3 Qa5 12.Ndb5 Ne8 13.Rc1 a6 14.Nxd6 Qxa3 15.Nxe8 Rfxe8
16.Qxd7 Qb2 17.e5 Bxe5 18.Na4 Qxa2 19.Qxb7 Bd4 20.c5 e5 21.Nb6 Rab8 22.Qe4 Qxb3
23.Nd7 Qa4 24.c6 Kg7 25.Qh4 Rbd8 26.Nf6 Re6 27.Nh5+ gxh5 28.Qxd8 Rxc6 29.Qe8 Rc4
30.Qe7 h6 31.Rb1 Rc8 32.Rb7 Qa2 33.Rd7 Qxf2+  0-1

[Event "Championnat de Corse 2012"]
[Site "Bastia FRA"]
[Date "2012.06.28"]
[Round "6.2"]
[White "Humeau,C"]
[Black "Luciani,T"]
[Result "1-0"]
[WhiteElo "2279"]
[BlackElo "1998"]

1.e4 c5 2.Nf3 d6 3.Bb5+ Bd7 4.Bxd7+ Qxd7 5.c4 Nc6 6.d4 cxd4 7.Nxd4 Nf6 8.Nc3 g6
9.h3 Bg7 10.Be3 O-O 11.Qd2 Rac8 12.b3 Rfd8 13.Rd1 b6 14.O-O Nxd4 15.Bxd4 Qb7
16.Rfe1 a6 17.a4 e6 18.Qd3 Ne8 19.Bxg7 Kxg7 20.Qd4+ Kg8 21.Re3 Nc7 22.Red3 Qc6
23.e5 d5 24.Qh4 b5 25.axb5 axb5 26.cxb5 Qb6 27.Ne4 Ne8 28.Ng5 h5 29.Rf3 Rd7
30.Qf4 Qb7 31.Rd4 Ng7 32.g4 Rc5 33.b6 Rb5 34.Rfd3 Re7 35.Rb4 Rxb6 36.Rdd4 Rxb4
37.Rxb4 Qc7 38.Kg2 Re8 39.Rb5 Rf8 40.Nf3 f5 41.g5 Qc3 42.Qa4 Rc8 43.Rb7 Rc7
44.Qa8+ Kf7 45.Rb8 Qc6 46.Rf8+ Ke7 47.Qd8+  1-0

[Event "TCh-CHN 2012"]
[Site "Taizhou CHN"]
[Date "2012.06.28"]
[Round "6"]
[White "Ma Qun"]
[Black "Xiu Deshun"]
[Result "1/2-1/2"]
[WhiteElo "2481"]
[BlackElo "2492"]

1.e4 c5 2.Nf3 d6 3.Bb5+ Nd7 4.O-O a6 5.Bxd7+ Bxd7 6.c3 e6 7.d4 Ne7 8.Bg5 h6
9.Bh4 Qc7 10.Bg3 Ng6 11.Nbd2 Be7 12.e5 cxd4 13.exd6 Bxd6 14.Bxd6 Qxd6 15.Nc4 Qc7
16.Qxd4 O-O 17.Nce5 Nxe5 18.Qxe5 Qxe5 19.Nxe5 Rfd8 20.Rfd1 Be8 21.Nc4 Kf8
22.Nb6 Rab8 23.f3 Ke7 24.Kf2 Rd6 25.Rxd6 Kxd6 26.a4 Kc7 27.a5 Rd8 28.Ke2 Bc6
29.h4 f5 30.b4 e5 31.Rb1 Be8 32.Re1 Bc6 33.Rb1 Be8 34.Rg1 Bc6 35.Rc1 Kb8
36.h5 e4 37.Ke3 Rd3+ 38.Kf4 exf3 39.gxf3 Bxf3 40.Rg1 Bg4 41.c4 Kc7 42.Ke5 Rh3
43.Nd5+ Kd7 44.Nb6+ Kc6 45.Re1 Rxh5 46.Kd4 f4 47.Re7 f3 48.Nd5 f2 49.Rxg7 Rh4
50.Ke5 Rh5+ 51.Kd4 Bf3 52.Rc7+ Kd6 53.c5+ Ke6 54.Re7+ Kf5 55.Rf7+ Kg4 56.Ne3+ Kg3
57.Nf1+ Kg2 58.Ne3+ Kg3 59.Nf1+ Kg2 60.Ne3+ Kg3  1/2-1/2

[Event "4th Carlos I Open"]
[Site "Sanxenxo ESP"]
[Date "2012.06.29"]
[Round "7.5"]
[White "Barlov,D"]
[Black "Nedobora,G"]
[Result "1-0"]
[WhiteElo "2450"]
[BlackElo "2103"]

1.e4 c5 2.Nf3 d6 3.Bb5+ Nc6 4.O-O Bd7 5.Re1 a6 6.Bxc6 Bxc6 7.d4 cxd4 8.Nxd4 e6
9.c4 Be7 10.Nc3 Nf6 11.b3 Rc8 12.a4 O-O 13.Ba3 Re8 14.Qd2 Qc7 15.Kh1 d5 16.Bxe7 Rxe7
17.exd5 Bxd5 18.Nxd5 exd5 19.Nf5 Rxe1+ 20.Rxe1 Ne4 21.Qd4  1-0